Name every pupil in Year 12 - Statistics

General Stats
  • This quiz has been taken 58 times
    47 since last reset
  • The average score is 79 of 138
Answer Stats
Answer % Correct
Joe Kell
83%
Thomas Douglas
83%
Aidan Sung
75%
Alice Archer
75%
Daniel Crow
75%
Daniel Smith
75%
Dozie Nwoye
75%
Dylan Archer
75%
Harry Foster-Boyd
75%
Isabel Verth
75%
Jack Mason-Douglas
75%
James Greaves
75%
James Mason-Douglas
75%
Kuturi Nganjone
75%
Luca Hamilton
75%
Neve McDougall
75%
Olivia Hunter
75%
Sam Gray
75%
Zak McDonald
75%
Ahmed Imriadh
67%
Aidan O'Neil
67%
Aimee Earl
67%
Alex Stoves
67%
Andrea Ramos
67%
Ben Watson
67%
Butho Teni
67%
Carlee Barrett
67%
Charlotte Allsop
67%
Daniel Crawford
67%
Daniel Pickett
67%
Eli Beckreck
67%
Ella Watson
67%
Evan McManus
67%
Felix Blackman
67%
Hami Mollik
67%
Jake Cairns
67%
James Bullock
67%
Jamie Gray
67%
Jamie Todd
67%
John Ohiomokhare
67%
Kieran Donnelly
67%
Oliver Barker
67%
Rahika Ahmed
67%
Robbie Oliver
67%
Samuel Tong
67%
Stefanie Graham
67%
Sumayah Djabali
67%
Tahmid Rahman
67%
Will Matthews
67%
Abbie Douglass
58%
Amy Cottington
58%
Areeba Jassim
58%
Asaba Hossain
58%
Awet Dessye
58%
Brooke Pentland
58%
Cameron Walls
58%
Charlotte Hope
58%
Dominik Malik
58%
Don Jacques Massengo
58%
Elliot Robertson
58%
Emily Clayton
58%
Ethan Iredale
58%
Faye Mackenzie
58%
Hannah Biju
58%
Hannah Perry
58%
Hannah Webster
58%
Iqra Chowdhury
58%
Jamie Bucknall
58%
Joel Usher
58%
John Skotidakis
58%
Jonny Cairns
58%
Lilia Copeland
58%
Manjinder Kang
58%
Matthew Hutchinson
58%
Max Mallinson
58%
Murewa Sowunmi
58%
Olivia Bailey
58%
Olivia Rhodes
58%
Olivia Winn
58%
Rosie Collingridge
58%
Sonny Smith
58%
Thomas Cresswell
58%
Thomas Tsatlidis
58%
Abbie Guyan
50%
Alex Djatou Yomi
50%
Amy Ward
50%
Antonia Keall
50%
Asmawati Hamad
50%
Bion Mathew Sebastian
50%
Charlie Corcoran
50%
Chloe Scullion
50%
Cristian Istrat
50%
Dahi Mollik
50%
Dylan Reay
50%
Emily Jones
50%
Emily Tones
50%
Ethan Green
50%
Fiona Truong
50%
Georgia Johnston
50%
Holly Shek
50%
James Weaver
50%
Jegor Macuta
50%
Jorja Eggenton
50%
Libby Widdrington
50%
Louis Stunt
50%
Lucy Anderson
50%
Maryam Afzal
50%
Matthew Clennell
50%
Nico Varela Irvine
50%
Nusra Mollik
50%
Pat Cho Ying
50%
Pierce McGurk
50%
Sulaiman Adil
50%
Tammi-Georgina Fairbairn
50%
Yuhan Liu
50%
Alayna Leonard
42%
Amber Davison
42%
Corey Scott
42%
Danielle Kock
42%
Ethan Riley
42%
Isaac Gorman
42%
Khadija Ali
42%
Kudus Berhie
42%
Mahdi Islam
42%
Ruby McLean
42%
Rukhma Mubarika
42%
Tanbeer Chowdhury
42%
Yadeal Fisher
42%
Jeffrey Tsang
33%
Marvellous Eje
33%
Rohan Iqbal
33%
Victoria Onwumere
33%
Viktorija Simagina
33%
Amelie Cellini-Tweddle
25%
Elizabeth Dervishi
25%
Emily Walton
25%
Nistahsa Ahmed
25%
Olivia Arkless
25%
No matching quizzes found
Score Distribution
Percent of People with Each Score
Percentile by Number Answered
Your Score History
You have not taken this quiz since the last reset